000 00330nam a22001337a 4500
008 230605b xxu||||| |||| 00| 0 eng d
020 _a9781845923532
082 _24
_a323.373
_bTHO
100 _cReed Elseiver
245 _aLegislative Drafting
260 _aUK
_bTottel Publishing Ltd
_c1996
300 _aXXV,447p
942 _2ddc
_cBK
999 _c436
_d436